| 000 | 00385nam a22001577a 4500 | ||
|---|---|---|---|
| 005 | 20240118114743.0 | ||
| 008 | 240118b |||||||| |||| 00| 0 eng d | ||
| 020 | _a978-93-5322-664-0 | ||
| 041 | _aeng | ||
| 100 |
_aATUL, KOTHARI _98396 |
||
| 245 | _aSIKSHA VIKALP EVAM AAYAM | ||
| 260 |
_aNEW DELHI _bPRABHAT PAPERBACK |
||
| 300 | _a240;P | ||
| 650 |
_aLIFE SKILL _98393 |
||
| 942 | _cBK | ||
| 999 |
_c8480 _d8478 |
||